[Event "7th EuropCh Women"]
[Site "Kusadasi / Turkey"]
[Date "2006.04.05"]
[Round "2"]
[Board "1"]
[White "Zdebskaja, Natalia"]
[Black "Steil Antoni, Fiona"]
[Result "1-0"]
[WhiteElo "2332"]
[BlackElo "1968"]
[PlyCount "83"]
[EventDate "2006.04.04"]
[EventRounds "11"]
[EventCountry "AUT"]

1.e4 e5 2.Nf3 Nc6 3.c3 Nf6 4.d4 d5 5.Bb5 exd4 6.e5 Ne4 7.cxd4 Bb4+ 8.Nbd2 O-O
9.a3 Bxd2+ 10.Bxd2 Bg4 11.Be3 Ne7 12.h3 Bh5 13.Qb3 h6 14.Nd2 Bg6 15.Nxe4 Bxe4
16.O-O Nf5 17.f3 Nxe3 18.Qxe3 Bg6 19.f4 c6 20.Be2 Be4 21.f5 Qg5 22.Qf2 Rae8
23.Rad1 g6 24.f6 h5 25.h4 Qh6 26.Bd3 c5 27.Rfe1 Bxd3 28.Rxd3 cxd4 29.Qxd4 b6
30.Rg3 Re6 31.Qxd5 Rfe8 32.Qd7 a5 33.Rg5 Qf8 34.Rc1 Rd8 35.Qb7 Rb8 36.Qf3 Kh7
37.Rc3 Rbe8 38.Qf4 Rc8 39.Rxh5+ gxh5 40.Qf5+ Kh6 41.Qg5+ Kh7 42.Qxh5+

[Event "7th EuropCh Women"]
[Site "Kusadasi / Turkey"]
[Date "2006.04.05"]
[Round "2"]
[Board "1"]
[White "Kadimova, Ilaha"]
[Black "Norinkeviciute, Rasa"]
[Result "0-1"]
[WhiteElo "2310"]
[BlackElo "2106"]
[PlyCount "176"]
[EventDate "2006.04.04"]
[EventRounds "11"]
[EventCountry "AUT"]

1.d4 g6 2.c4 d6 3.Nc3 Bg7 4.Nf3 Nd7 5.e4 e6 6.Be2 Ne7 7.Be3 h6 8.Qd2 b6 9.O-O
Bb7 10.Rfe1 a6 11.Rad1 Nf6 12.d5 e5 13.Qc1 Ng4 14.Bd2 f5 15.exf5 gxf5 16.h3 Nf6
17.Nh4 Qd7 18.b4 Kf7 19.f4 e4 20.Be3 Ng6 21.Nxg6 Kxg6 22.Bd4 h5 23.Qe3 Rag8
24.Rd2 Kf7 25.Red1 Bf8 26.Bf1 Rh6 27.Ne2 Be7 28.Bb2 Bc8 29.Nd4 Qe8 30.Nc6 h4
31.Nxe7 Qxe7 32.Bd4 Rg3 33.Qe1 Rg8 34.Bf2 Rgh8 35.Rc2 Bd7 36.Rc3 Ba4 37.Rd2 Bd7
38.c5 bxc5 39.bxc5 Bc8 40.c6 Ne8 41.Rb2 Nf6 42.Bc4 Kg6 43.Rb8 Qf7 44.Qd2 Re8
45.Rcb3 Rhh8 46.Ra8 Reg8 47.Ra7 Re8 48.Be3 Rhg8 49.Rb8 Re7 50.Raa8 Ree8 51.Ra7
Re7 52.a4 Nh5 53.Qf2 Ng3 54.Qb2 Kh6 55.Raa8 Ree8 56.Kh2 Qg6 57.Qf2 Qf7 58.a5 Qg7
59.Bd4 Qf7 60.Rb2 Kh7 61.Rb1 Kh6 62.Rd1 Qh5 63.Re1 Qf7 64.Bc3 Kh7 65.Re3 Kh6
66.Qb2 Nh5 67.Qf2 Ng3 68.Re1 Kh7 69.Qd4 Nh5 70.Qf2 Ng3 71.Bd4 Kh6 72.Rb8 Kh7
73.Rb3 Qg6 74.Rb2 Qf7 75.Qd2 Qg6 76.Qf2 Qf7 77.Re3 Rg6 78.Bc3 Reg8 79.Be1 Qg7
80.Qd2 Nh5 81.Re2 Ng3 82.Bxg3 Rxg3 83.Rb1 Qh6 84.Rf1 Qf6 85.Qb2 Qg6 86.Qd2 Qf6
87.Rff2 Qa1 88.Qb2 Rxh3+

[Event "7th EuropCh Women"]
[Site "Kusadasi / Turkey"]
[Date "2006.04.05"]
[Round "2"]
[Board "1"]
[White "Cherednichenko, Elena"]
[Black "Sedina, Elena"]
[Result "0-1"]
[WhiteElo "1977"]
[BlackElo "2373"]
[PlyCount "106"]
[EventDate "2006.04.04"]
[EventRounds "11"]
[EventCountry "AUT"]

1.d4 Nf6 2.c4 c5 3.e3 cxd4 4.exd4 d5 5.Nc3 g6 6.c5 Bg7 7.Bd3 Nc6 8.Nge2 O-O
9.O-O b6 10.cxb6 Qxb6 11.Na4 Qd8 12.Be3 Ng4 13.h3 Nxe3 14.fxe3 Qd6 15.Rc1 e5
16.dxe5 Nxe5 17.Bb1 Ba6 18.b3 Bh6 19.Rc3 Rac8 20.Re1 Rfe8 21.Nd4 Nc6 22.Nf3 Ne5
23.Nd4 Nc6 24.Nf3 Bg7 25.Rc5 d4 26.e4 Ne5 27.Rxc8 Rxc8 28.Nxe5 Qxe5 29.Bd3 Bb7
30.Qg4 h5 31.Qf3 Re8 32.Qe2 Qg3 33.Rf1 Be5 34.Qf3 Qxf3 35.gxf3 Bf4 36.Nc5 Bc8
37.Kg2 Re5 38.b4 Rg5+ 39.Kf2 Bxh3 40.Rh1 Be3+ 41.Ke2 Rg3 42.Kd1 Bg2 43.Rh2 Bxf3+
44.Kc2 Bg1 45.Rd2 h4 46.e5 h3 47.Ne4 Rg2 48.Rxg2 Bxg2 49.Ng3 h2 50.e6 fxe6
51.Bxg6 Bf2 52.Be4 Bxe4+ 53.Nxe4 h1=Q

[Event "7th EuropCh Women"]
[Site "Kusadasi / Turkey"]
[Date "2006.04.05"]
[Round "2"]
[Board "1"]
[White "Shadrina, Tatiana"]
[Black "Shukurova, Meihriban"]
[Result "1-0"]
[WhiteElo "2371"]
[BlackElo "2205"]
[PlyCount "95"]
[EventDate "2006.04.04"]
[EventRounds "11"]
[EventCountry "AUT"]

1.e4 e5 2.Nf3 Nc6 3.d4 exd4 4.Nxd4 Bc5 5.Be3 Qf6 6.c3 Nge7 7.Bc4 b6 8.O-O Bb7
9.b4 Bxd4 10.cxd4 Nxb4 11.Nc3 O-O 12.a3 Nbc6 13.Rc1 d6 14.f4 Na5 15.Bd3 c5 16.d5
Ng6 17.Ne2 Rfe8 18.Bd2 Qh4 19.Ng3 Bc8 20.Qa4 Rd8 21.Bxa5 Bd7 22.Bb5 Bxb5 23.Qxb5
bxa5 24.Nf5 Qf6 25.Qxa5 Re8 26.Qa4 h6 27.Rb1 Ne7 28.Ne3 Ng6 29.Nf5 Ne7 30.Ne3
Ng6 31.g3 h5 32.Rb7 h4 33.Kg2 Qc3 34.Nf5 Qd2+ 35.Kh3 hxg3 36.hxg3 Qd3 37.Qd1
Nxf4+ 38.Kh2 Qa6 39.Rxf7 Kxf7 40.Rxf4 Rh8+ 41.Kg2 Rab8 42.Rf2 g6 43.Nd4+ Ke8
44.Nc6 Qc8 45.Nxb8 Qh3+ 46.Kf3 Qh5+ 47.g4 Qh3+ 48.Ke2

[Event "7th EuropCh Women"]
[Site "Kusadasi / Turkey"]
[Date "2006.04.05"]
[Round "2"]
[Board "1"]
[White "Maksimovic, Suzana"]
[Black "Pavlovskaya, Evgenia"]
[Result "1/2-1/2"]
[WhiteElo "2295"]
[BlackElo "2182"]
[PlyCount "110"]
[EventDate "2006.04.04"]
[EventRounds "11"]
[EventCountry "AUT"]

1.d4 d5 2.Nf3 Nf6 3.c4 e6 4.e3 c5 5.a3 Nc6 6.dxc5 Bxc5 7.b4 Be7 8.Bb2 O-O 9.Nbd2
a6 10.Qc2 Bd7 11.Bd3 h6 12.Rd1 dxc4 13.Nxc4 Rc8 14.Qb1 b5 15.Nce5 Nxe5 16.Nxe5
Qc7 17.O-O Rfd8 18.Bd4 Be8 19.f4 Qb7 20.Rf3 Rxd4 21.exd4 Qb6 22.Qb2 Nd5 23.Be4
Rd8 24.Qf2 Nf6 25.Bb1 a5 26.Rb3 axb4 27.axb4 Qa7 28.Bc2 Bd6 29.h3 Bc7 30.Kh2 Nd5
31.g3 Nf6 32.Rc3 Bb6 33.Nf3 Nd5 34.Rb3 Bc6 35.Qd2 Qe7 36.Ne5 Bb7 37.Qd3 f5
38.Qxb5 Rc8 39.Bb1 Ba8 40.Qd7 Rd8 41.Qxe7 Nxe7 42.Ra3 Nd5 43.Nd7 Rxd7 44.Rxa8+
Kf7 45.Ba2 Nxb4 46.Rb8 Nxa2 47.Rxb6 Nc3 48.Re1 Rxd4 49.Rbxe6 Rd2+ 50.Kg1 Ne4
51.Re5 Nxg3 52.R1e3 Nh5 53.Rxf5+ Nf6 54.Ra5 Rd7 55.Rea3 g6

[Event "7th EuropCh Women"]
[Site "Kusadasi / Turkey"]
[Date "2006.04.05"]
[Round "2"]
[Board "1"]
[White "Lematschko, Tatjana"]
[Black "Fakhiridou, Ekaterini"]
[Result "1/2-1/2"]
[WhiteElo "2180"]
[BlackElo "2292"]
[PlyCount "32"]
[EventDate "2006.04.04"]
[EventRounds "11"]
[EventCountry "AUT"]

1.d4 d5 2.c4 dxc4 3.e3 Nf6 4.Bxc4 e6 5.Nf3 a6 6.a4 c5 7.O-O cxd4 8.exd4 b6 9.Nc3
Bb7 10.Qe2 Be7 11.Bf4 O-O 12.Rfd1 Nd5 13.Nxd5 exd5 14.Bd3 Nc6 15.Rac1 g6 16.Bb1
Re8

[Event "7th EuropCh Women"]
[Site "Kusadasi / Turkey"]
[Date "2006.04.05"]
[Round "2"]
[Board "1"]
[White "Khudaverdieva, Afag"]
[Black "Gvetadze, Sopio"]
[Result "1/2-1/2"]
[WhiteElo "2156"]
[BlackElo "2282"]
[PlyCount "70"]
[EventDate "2006.04.04"]
[EventRounds "11"]
[EventCountry "AUT"]

1.d4 d5 2.c4 e6 3.Nc3 Bb4 4.Nf3 Nf6 5.Bg5 O-O 6.e3 c5 7.cxd5 exd5 8.Be2 Nbd7
9.O-O Qa5 10.Qc2 c4 11.Bxf6 Nxf6 12.Ne5 Re8 13.Bf3 Bd6 14.e4 dxe4 15.Nxe4 Bxe5
16.dxe5 Nxe4 17.Qxe4 Qxe5 18.Qxc4 Be6 19.Qb4 Rab8 20.Rfe1 Qg5 21.Rad1 b6 22.Qa4
a5 23.Bc6 Rec8 24.b3 h6 25.Bd7 Bxd7 26.Qxd7 Qf4 27.g3 Qf3 28.Rd3 Qf6 29.Rd6 Qc3
30.Red1 Qb2 31.R6d2 Qa3 32.Kg2 b5 33.Qa7 Ra8 34.Qb7 Rcb8 35.Qc7 Rc8

[Event "7th EuropCh Women"]
[Site "Kusadasi / Turkey"]
[Date "2006.04.05"]
[Round "2"]
[Board "1"]
[White "Mamedjarova, Turkan"]
[Black "Umudova, Nargiz"]
[Result "1-0"]
[WhiteElo "2280"]
[BlackElo "2174"]
[PlyCount "143"]
[EventDate "2006.04.04"]
[EventRounds "11"]
[EventCountry "AUT"]

1.e4 c5 2.c3 d6 3.d4 Nf6 4.Bd3 cxd4 5.cxd4 g6 6.h3 Bg7 7.Nf3 O-O 8.O-O Nc6 9.Nc3
e5 10.dxe5 dxe5 11.Be3 Be6 12.Bb5 Na5 13.Qe2 a6 14.Bd3 Rc8 15.Rfd1 Qe7 16.Na4
Nd7 17.Nb6 Nxb6 18.Bxb6 Nc4 19.Bxc4 Bxc4 20.Qe3 Qb4 21.b3 Rc6 22.Bd8 Be6 23.Ng5
Re8 24.Nxe6 Rexe6 25.Rd2 Bf8 26.Qf3 f6 27.Rad1 Be7 28.h4 Bxd8 29.Rxd8+ Kg7
30.Qd3 Qc5 31.Qd5 b5 32.Rd7+ Kh6 33.Qd2+ g5 34.Qd3 Qc3 35.hxg5+ fxg5 36.Qe2 Rf6
37.R7d3 Qc2 38.Rh3+ Kg7 39.Rd7+ Kg8 40.Rd8+ Rf8 41.Rd2 Qb1+ 42.Rd1 Qc2 43.Re1
Qxe2 44.Rxe2 Rc1+ 45.Kh2 Rf1 46.Kg3 Kg7 47.Rc2 Rf7 48.f3 Ra1 49.Rc5 Re7 50.Rh5
h6 51.Rc6 Rxa2 52.Rhxh6 a5 53.Rcg6+ Kf7 54.Rxg5 Ke8 55.Rb6 b4 56.Rb5 Ra3
57.Rgxe5 Rxe5 58.Rxe5+ Kd7 59.Kf4 Kc6 60.g4 Kb6 61.g5 Rxb3 62.g6 Rc3 63.Re8 Rc7
64.e5 a4 65.e6 a3 66.e7 Rxe7 67.Rxe7 a2 68.Re1 b3 69.g7 b2 70.g8=Q a1=Q 71.Qe6+
Kb7 72.Qd5+

[Event "7th EuropCh Women"]
[Site "Kusadasi / Turkey"]
[Date "2006.04.05"]
[Round "2"]
[Board "1"]
[White "Gilbert, Jessie"]
[Black "Velcheva, Maria"]
[Result "1/2-1/2"]
[WhiteElo "2144"]
[BlackElo "2279"]
[PlyCount "57"]
[EventDate "2006.04.04"]
[EventRounds "11"]
[EventCountry "AUT"]

1.d4 d5 2.c4 c6 3.Nf3 Nf6 4.e3 e6 5.Bd3 Nbd7 6.O-O dxc4 7.Bxc4 b5 8.Be2 a6 9.Qc2
Bb7 10.Rd1 Rc8 11.e4 c5 12.d5 exd5 13.exd5 Bxd5 14.Nc3 Bb7 15.Ne5 Qc7 16.Nxd7
Nxd7 17.Bg4 Nf6 18.Bxc8 Bxc8 19.Bg5 Be6 20.Bxf6 gxf6 21.Qe4 f5 22.Qa8+ Qc8
23.Qxc8+ Bxc8 24.Nd5 Bg7 25.Nc7+ Ke7 26.Nd5+ Kd6 27.Nc3+ Kc6 28.Rac1 Be6 29.b3

[Event "7th EuropCh Women"]
[Site "Kusadasi / Turkey"]
[Date "2006.04.05"]
[Round "2"]
[Board "1"]
[White "Tsiganova, Monika"]
[Black "Van Weersel, Arlette"]
[Result "1-0"]
[WhiteElo "2267"]
[BlackElo "2148"]
[PlyCount "60"]
[EventDate "2006.04.04"]
[EventRounds "11"]
[EventCountry "AUT"]

1.d4 Nf6 2.c4 g6 3.Nc3 d5 4.Nf3 Bg7 5.Bf4 O-O 6.e3 c6 7.Qb3 dxc4 8.Bxc4 b5 9.Be2
Be6 10.Qc2 Qa5 11.O-O b4 12.Na4 Bf5 13.Qb3 Be6 14.Qd1 Nbd7 15.b3 c5 16.Rc1 Rac8
17.Bd3 Bd5 18.Ne5 cxd4 19.exd4 Bb7 20.Bc4 Nxe5 21.Bxe5 Bh6 22.Nc5 Bc6 23.Rc2 Nd7
24.Ba6 Rce8 25.Nxd7 Bxd7 26.Qe2 f6 27.Rc5 Qa3 28.Bc7 e5 29.Bc4+ Kh8 30.dxe5 Bc1

[Event "7th EuropCh Women"]
[Site "Kusadasi / Turkey"]
[Date "2006.04.05"]
[Round "2"]
[Board "1"]
[White "Isgandarova, Khayala"]
[Black "Przezdziecka, Marta"]
[Result "0-1"]
[WhiteElo "2104"]
[BlackElo "2265"]
[PlyCount "117"]
[EventDate "2006.04.04"]
[EventRounds "11"]
[EventCountry "AUT"]

1.e4 c5 2.Nf3 Nc6 3.d4 cxd4 4.Nxd4 Nf6 5.Nc3 d6 6.Be2 e5 7.Nb3 Be7 8.O-O O-O
9.f4 a5 10.a4 Nb4 11.Bf3 Be6 12.Be3 exf4 13.Bxf4 Nxc2 14.Qxc2 Qb6+ 15.Nd4 Qxd4+
16.Kh1 Rac8 17.Rad1 Qb4 18.Qf2 Rfd8 19.Rd4 Qc5 20.Nb5 Ne8 21.Be3 Qc2 22.Qg3 Qxb2
23.Rd2 Qe5 24.Bf4 Qf6 25.e5 dxe5 26.Bxe5 Qg6 27.Rxd8 Rxd8 28.Qxg6 hxg6 29.Bxb7
Bf6 30.Bxf6 Nxf6 31.h3 Bb3 32.Ra1 g5 33.Bf3 Rd2 34.Na7 Rd4 35.Nc6 Rf4 36.Nxa5
Bxa4 37.Nc6 g4 38.hxg4 Nxg4 39.Ne7+ Kh7 40.Nd5 Rd4 41.Nc3 Bd7 42.Ne4 Ne5 43.Ng5+
Kg6 44.Re1 f6 45.Ne4 Nxf3 46.gxf3 Bc6 47.Kg2 Bxe4 48.fxe4 Rd3 49.Kf2 Kf7 50.Ra1
Ke6 51.Ra5 Rb3 52.Rh5 g6 53.Ra5 Rb6 54.Kf3 Rb3+ 55.Kf2 Rc3 56.Rb5 Ra3 57.Rb4 Ke5
58.Rc4 Ra2+ 59.Kf3

[Event "7th EuropCh Women"]
[Site "Kusadasi / Turkey"]
[Date "2006.04.05"]
[Round "2"]
[Board "1"]
[White "Dragomirescu, Angela"]
[Black "Mira, Helene"]
[Result "1/2-1/2"]
[WhiteElo "2261"]
[BlackElo "2140"]
[PlyCount "52"]
[EventDate "2006.04.04"]
[EventRounds "11"]
[EventCountry "AUT"]

1.d4 d5 2.c4 c6 3.Nf3 Nf6 4.Nc3 dxc4 5.a4 Bf5 6.Ne5 Nbd7 7.Nxc4 Qc7 8.g3 e5
9.dxe5 Nxe5 10.Bf4 Nfd7 11.Bg2 g5 12.Bxe5 Nxe5 13.Qd4 f6 14.Nxe5 Qxe5 15.Qxe5+
fxe5 16.h4 g4 17.Be4 Be6 18.h5 O-O-O 19.h6 Kc7 20.Rh5 Bf7 21.Rxe5 Bxh6 22.Re7+
Rd7 23.Rxd7+ Kxd7 24.Rd1+ Ke7 25.Bf5 Be6 26.Bxe6 Kxe6

[Event "7th EuropCh Women"]
[Site "Kusadasi / Turkey"]
[Date "2006.04.05"]
[Round "2"]
[Board "1"]
[White "Coimbra, Margarida"]
[Black "Eckhardt, Claudia"]
[Result "1/2-1/2"]
[WhiteElo "2070"]
[BlackElo "2260"]
[PlyCount "74"]
[EventDate "2006.04.04"]
[EventRounds "11"]
[EventCountry "AUT"]

1.e4 c5 2.Nc3 Nc6 3.g3 g6 4.d3 Bg7 5.Be3 d6 6.Qd2 e6 7.Bg2 Rb8 8.Nge2 Nd4 9.O-O
Ne7 10.Rab1 O-O 11.b4 Bd7 12.f4 b6 13.bxc5 Nxe2+ 14.Nxe2 dxc5 15.c3 f5 16.d4 Bc6
17.dxc5 Qxd2 18.Bxd2 Bxe4 19.Bxe4 fxe4 20.cxb6 axb6 21.Rb4 Rfd8 22.Bc1 Nd5
23.Rxe4 Bxc3 24.Rxe6 Kf7 25.Rc6 Rbc8 26.Rxc8 Rxc8 27.f5 Bf6 28.fxg6+ Kxg6
29.Nf4+ Nxf4 30.Bxf4 Rc2 31.Be3 b5 32.Rf2 Rc6 33.Kg2 b4 34.Bf4 Rb6 35.Rd2 Ra6
36.Kf3 Ra3+ 37.Kg2 Ra6

[Event "7th EuropCh Women"]
[Site "Kusadasi / Turkey"]
[Date "2006.04.05"]
[Round "2"]
[Board "1"]
[White "Schuurman, Petra"]
[Black "Wilson, Alexandra"]
[Result "1-0"]
[WhiteElo "2258"]
[BlackElo "2099"]
[PlyCount "71"]
[EventDate "2006.04.04"]
[EventRounds "11"]
[EventCountry "AUT"]

1.Nf3 e6 2.c4 f5 3.g3 Nf6 4.Bg2 Be7 5.O-O O-O 6.d4 d5 7.b3 Nc6 8.Bb2 Bd7 9.Nc3
Be8 10.Ng5 Bf7 11.cxd5 exd5 12.Nf3 Ne4 13.Ne5 Nxe5 14.dxe5 c6 15.e3 Qa5 16.Qc2
Nc5 17.Ne2 Rad8 18.Bc3 Qc7 19.Qxf5 Bg6 20.Qg4 Ne4 21.f4 Nxc3 22.Nxc3 Bb4 23.Ne2
Bf5 24.Qf3 Bd3 25.Rad1 Ba6 26.Kh1 Rde8 27.Qg4 Qa5 28.a4 Bc5 29.e4 d4 30.Nxd4
Bxf1 31.Bxf1 Bxd4 32.Bc4+ Kh8 33.Rxd4 Qe1+ 34.Kg2 Rxe5 35.Bd3 Re7 36.e5

[Event "7th EuropCh Women"]
[Site "Kusadasi / Turkey"]
[Date "2006.04.05"]
[Round "2"]
[Board "1"]
[White "Sommer, Sonja"]
[Black "Muhren, Bianca"]
[Result "0-1"]
[WhiteElo "2047"]
[BlackElo "2253"]
[PlyCount "88"]
[EventDate "2006.04.04"]
[EventRounds "11"]
[EventCountry "AUT"]

1.e4 c5 2.c3 d5 3.exd5 Qxd5 4.d4 Nf6 5.Nf3 e6 6.Be3 cxd4 7.cxd4 Bb4+ 8.Nc3 Bd7
9.Bd3 Bb5 10.O-O Bxc3 11.bxc3 O-O 12.Ne5 Bxd3 13.Qxd3 Rd8 14.Rfd1 Nbd7 15.Nxd7
Rxd7 16.c4 Qa5 17.Rdb1 Rc8 18.Bf4 Qa4 19.Qb3 Rxc4 20.Rc1 Qxb3 21.axb3 Rxc1+
22.Rxc1 h6 23.Be3 Nd5 24.Kf1 Rd6 25.Bd2 Rb6 26.Rb1 Kf8 27.Ke2 Ke7 28.Kd3 Kd7
29.g3 Ne7 30.b4 Rb5 31.Kc4 Kc6 32.Ra1 a6 33.Re1 Nc8 34.Rc1 Nd6+ 35.Kd3+ Kd7
36.h4 Rf5 37.f4 Rd5 38.Rc5 Nf5 39.Rxd5+ exd5 40.Be1 h5 41.b5 axb5 42.Kc3 b4+
43.Kxb4 Nxd4 44.Bc3 Nf5

[Event "7th EuropCh Women"]
[Site "Kusadasi / Turkey"]
[Date "2006.04.05"]
[Round "2"]
[Board "1"]
[White "Smokina, Karolina"]
[Black "Bensdorp, Laura"]
[Result "1-0"]
[WhiteElo "2252"]
[BlackElo "2098"]
[PlyCount "95"]
[EventDate "2006.04.04"]
[EventRounds "11"]
[EventCountry "AUT"]

1.c4 e5 2.Nc3 Bb4 3.g3 Bxc3 4.dxc3 d6 5.Bg2 Ne7 6.e4 Nbc6 7.Nf3 O-O 8.Nd2 Be6
9.Qe2 Qd7 10.h3 Rad8 11.b3 f5 12.exf5 Bxf5 13.Ne4 Kh8 14.Bg5 Qe6 15.O-O h6
16.Bxe7 Qxe7 17.Rad1 Be6 18.Qe3 Qe8 19.g4 Rf4 20.Ng3 g5 21.Be4 Rf8 22.f3 Qe7
23.Kg2 Kg8 24.Rh1 Kf7 25.h4 Rh8 26.hxg5 Qxg5 27.Qd3 Ne7 28.Rh5 Qg7 29.Bd5 Qg6
30.Be4 Qg7 31.Rdh1 Ng6 32.Bxg6+ Qxg6 33.Qxg6+ Kxg6 34.c5 Kg7 35.cxd6 Rxd6
36.Rxe5 Rd2+ 37.Re2 Rhd8 38.Rhe1 Kf7 39.Rxd2 Rxd2+ 40.Re2 Rd3 41.c4 Bd7 42.Ne4
Bc6 43.Kf2 Bxe4 44.Rxe4 Rd2+ 45.Re2 Rd3 46.Kg3 a5 47.Re5 b6 48.Rd5

[Event "7th EuropCh Women"]
[Site "Kusadasi / Turkey"]
[Date "2006.04.05"]
[Round "2"]
[Board "1"]
[White "Gavasheli, Ana"]
[Black "Makka, Evanthia"]
[Result "1-0"]
[WhiteElo "2244"]
[BlackElo "2046"]
[PlyCount "64"]
[EventDate "2006.04.04"]
[EventRounds "11"]
[EventCountry "AUT"]

1.Nf3 Nf6 2.g3 e6 3.Bg2 d5 4.O-O b6 5.b3 Bb7 6.Bb2 c5 7.d4 Nc6 8.Ne5 Nxd4 9.Bxd4
cxd4 10.Qxd4 Bd6 11.Qa4+ Kf8 12.Nf3 Ne4 13.c4 Be7 14.cxd5 Bf6 15.Nd4 Bxd5 16.Rd1
Qe7 17.f3 Nc5 18.Qb4 g6 19.Nc3 Bb7 20.e4 Kg7 21.f4 e5 22.Ndb5 a5 23.Qc4 Rhd8
24.Rac1 Rxd1+ 25.Rxd1 Rd8 26.Nd5 Qe6 27.Rf1 exf4 28.Nbc7 Qe5 29.gxf4 Qd4+ 30.Kh1
Nd3 31.h3 Qxc4 32.bxc4 Bd4

[Event "7th EuropCh Women"]
[Site "Kusadasi / Turkey"]
[Date "2006.04.05"]
[Round "2"]
[Board "1"]
[White "Andriasian, Siranush"]
[Black "Bulmaga, Irina"]
[Result "1-0"]
[WhiteElo "2237"]
[BlackElo "2002"]
[PlyCount "68"]
[EventDate "2006.04.04"]
[EventRounds "11"]
[EventCountry "AUT"]

1.e4 c5 2.Nf3 e6 3.d4 cxd4 4.Nxd4 Qb6 5.Nb3 Qc7 6.Bd3 Nf6 7.O-O d6 8.Nc3 a6
9.Be3 Be7 10.f4 b5 11.a3 Bb7 12.Qf3 O-O 13.g4 Nc6 14.g5 Nd7 15.Qh3 Rfe8 16.f5
Bf8 17.fxe6 fxe6 18.e5 g6 19.exd6 Bxd6 20.Ne4 Be5 21.Rf2 Nd8 22.Raf1 Rf8 23.Nd4
Rxf2 24.Rxf2 Nf8 25.Nf6+ Bxf6 26.gxf6 e5 27.Qg3 Rc8 28.Nf5 Kh8 29.Ne7 Ra8 30.Qh4
Nde6 31.Bh6 Rd8 32.Bg7+ Nxg7 33.fxg7+ Kxg7 34.Qf6+ Kh6

[Event "7th EuropCh Women"]
[Site "Kusadasi / Turkey"]
[Date "2006.04.06"]
[Round "3"]
[Board "1"]
[White "Houska, Jovanka"]
[Black "Muzychuk, Anna"]
[Result "1/2-1/2"]
[WhiteElo "2378"]
[BlackElo "2419"]
[PlyCount "121"]
[EventDate "2006.04.04"]
[EventRounds "11"]
[EventCountry "AUT"]

1.e4 c5 2.Nf3 e6 3.d4 cxd4 4.Nxd4 a6 5.Nc3 b5 6.Bd3 Bb7 7.O-O d6 8.a4 b4 9.Na2
Nf6 10.Re1 Be7 11.Bd2 a5 12.c3 bxc3 13.Bb5+ Nbd7 14.Nxc3 Rc8 15.Qf3 O-O 16.Qg3
Ne5 17.Rad1 Nfg4 18.Nf3 f5 19.Bf4 Nxf3+ 20.Qxf3 Nf6 21.Qh3 Nxe4 22.Nxe4 Bxe4
23.Rxe4 fxe4 24.Qxe6+ Kh8 25.Qxe4 Rc5 26.Re1 Bg5 27.Bg3 Qf6 28.Bd3 g6 29.f3 Rc1
30.h4 Bd2 31.Rxc1 Bxc1 32.b4 axb4 33.Qxb4 Be3+ 34.Kh1 Bf4 35.Bf2 Rc8 36.g3 Be5
37.f4 Bc3 38.Qb7 Re8 39.Qd5 Qe6 40.Bd4+ Kg8 41.Qxe6+ Rxe6 42.Bxc3 Re3 43.Bc4+
Kf8 44.Bf6 Rxg3 45.Kh2 Rf3 46.Bg5 Ra3 47.Bb5 Kf7 48.Kg2 Ke6 49.Bd8 Kf5 50.Bc7 d5
51.a5 Ke4 52.a6 d4 53.Bb6 d3 54.Kf2 Ra1 55.a7 d2 56.Be2 Kxf4 57.Bd4 Ra2 58.Bd1
Ke4 59.Bb6 Kd3 60.Bc5 Ra1 61.Bb6

[Event "7th EuropCh Women"]
[Site "Kusadasi / Turkey"]
[Date "2006.04.06"]
[Round "3"]
[Board "1"]
[White "Javakhishvili, Lela"]
[Black "Dworakowska, Joanna"]
[Result "0-1"]
[WhiteElo "2410"]
[BlackElo "2364"]
[PlyCount "112"]
[EventDate "2006.04.04"]
[EventRounds "11"]
[EventCountry "AUT"]

1.d4 Nf6 2.c4 g6 3.Nc3 Bg7 4.e4 d6 5.Nf3 O-O 6.Be2 e5 7.Be3 Na6 8.O-O Ng4 9.Bg5
Qe8 10.dxe5 dxe5 11.h3 f6 12.Bc1 Nh6 13.b3 Be6 14.Ba3 Rf7 15.c5 Nb8 16.Bb5 c6
17.Be2 Bf8 18.b4 b5 19.Nd2 a5 20.bxa5 Rxa5 21.Bb4 Ra8 22.a4 Rd7 23.axb5 Rxa1
24.Qxa1 Rxd2 25.Nd5 Rxd5 26.exd5 Bxd5 27.Qa8 Nf5 28.Rb1 Nd4 29.Bf1 Qc8 30.Bd3
Ne6 31.b6 Bxc5 32.b7 Qf8 33.Bxc5 Nxc5 34.Ra1 Kf7 35.Be2 Ncd7 36.Qa5 Qc5 37.Qc7
Qb6 38.Qc8 c5 39.Ba6 Ke7 40.Rd1 Qc6 41.Bf1 Qxb7 42.Qh8 Bf7 43.Qxh7 Nf8 44.Qg7
Ne6 45.Qh7 Nc6 46.Bc4 Ncd4 47.Ra1 Ng5 48.Qg7 Nf5 49.Qh8 Bxc4 50.Ra8 Bf7 51.Qd8+
Ke6 52.Rb8 Qd7 53.Qb6+ Qd6 54.Qa7 Qd1+ 55.Kh2 Qd4 56.Qc7 Nf3+

[Event "7th EuropCh Women"]
[Site "Kusadasi / Turkey"]
[Date "2006.04.06"]
[Round "3"]
[Board "1"]
[White "Klinova, Masha"]
[Black "Peptan, Corina"]
[Result "1/2-1/2"]
[WhiteElo "2357"]
[BlackElo "2408"]
[PlyCount "109"]
[EventDate "2006.04.04"]
[EventRounds "11"]
[EventCountry "AUT"]

1.e4 c5 2.Nf3 e6 3.Be2 Nc6 4.O-O Nf6 5.Nc3 a6 6.d4 cxd4 7.Nxd4 Qc7 8.Nxc6 bxc6
9.Bd3 d5 10.f4 d4 11.Na4 c5 12.c4 Bb7 13.e5 Nd7 14.b3 Be7 15.Qe2 O-O 16.Bd2 g6
17.Be4 a5 18.Rf3 Ra6 19.Rh3 f5 20.exf6 Rxf6 21.Re1 Bd6 22.Bxb7 Qxb7 23.Qg4 Nf8
24.Qh4 Qf7 25.Rf3 Nd7 26.Qf2 Rf5 27.h3 Rf6 28.Rf1 Qf8 29.Qe1 Qa8 30.Qe2 Nb6
31.Nxb6 Rxb6 32.Re1 a4 33.bxa4 Qxa4 34.f5 exf5 35.Bg5 Rf7 36.Rb3 Rxb3 37.axb3
Qd7 38.Qf3 Kg7 39.Qd5 Bg3 40.Re7 Rxe7 41.Bxe7 d3 42.Kf1 d2 43.Ke2 Bf2 44.Kxd2 h6
45.Ke2 Bg1 46.b4 cxb4 47.Bxb4 Kf6 48.Kf3 g5 49.g4 Kg6 50.c5 h5 51.c6 hxg4+
52.hxg4 Bb6 53.Bd6 Kf6 54.c7 Bxc7 55.Bxc7

[Event "7th EuropCh Women"]
[Site "Kusadasi / Turkey"]
[Date "2006.04.06"]
[Round "3"]
[Board "1"]
[White "Melia, Salome"]
[Black "Muzychuk, Mariya"]
[Result "0-1"]
[WhiteElo "2393"]
[BlackElo "2172"]
[PlyCount "62"]
[EventDate "2006.04.04"]
[EventRounds "11"]
[EventCountry "AUT"]

1.e4 c5 2.Nf3 Nc6 3.d4 cxd4 4.Nxd4 Nf6 5.Nc3 e5 6.Ndb5 d6 7.Bg5 a6 8.Na3 b5
9.Nd5 Be7 10.Bxf6 Bxf6 11.c3 Bg5 12.Nc2 Rb8 13.a4 bxa4 14.Ncb4 Nxb4 15.Nxb4 Bd7
16.Bxa6 Qa5 17.Qe2 Rxb4 18.cxb4 Qxb4+ 19.Kf1 O-O 20.h4 Bd8 21.g3 Bb6 22.Kg2 Bd4
23.Rab1 Rb8 24.Rhc1 Bxb2 25.Rc7 Be8 26.Bc4 Qb6 27.Re7 Kf8 28.Rxe8+ Kxe8 29.Qh5
Qc7 30.Ba2 h6 31.Qg6 fxg6

[Event "7th EuropCh Women"]
[Site "Kusadasi / Turkey"]
[Date "2006.04.06"]
[Round "3"]
[Board "1"]
[White "Zielinska, Marta"]
[Black "Dembo, Yelena"]
[Result "1-0"]
[WhiteElo "2366"]
[BlackElo "2464"]
[PlyCount "111"]
[EventDate "2006.04.04"]
[EventRounds "11"]
[EventCountry "AUT"]

1.d4 Nf6 2.Nf3 g6 3.c4 Bg7 4.Nc3 O-O 5.e4 d6 6.Be2 e5 7.O-O Nc6 8.dxe5 dxe5
9.Bg5 Qxd1 10.Rfxd1 Bg4 11.h3 Bxf3 12.Bxf3 Nd4 13.Nd5 Nxd5 14.cxd5 f5 15.Rac1
Rf7 16.Kf1 f4 17.Bg4 Re8 18.Rxd4 exd4 19.Be6 Be5 20.Bxf7+ Kxf7 21.f3 Kg7 22.Ke2
h6 23.Bh4 g5 24.Bf2 Kf6 25.Kd3 Re7 26.Bxd4 a6 27.Rc4 h5 28.Rb4 g4 29.hxg4 hxg4
30.Rxb7 Bxd4 31.Kxd4 gxf3 32.gxf3 Rh7 33.e5+ Kf5 34.Rb8 Rh2 35.Rf8+ Kg5 36.e6
Rd2+ 37.Kc3 Re2 38.Kd3 Re3+ 39.Kd4 Re1 40.Rc8 Rd1+ 41.Ke4 Re1+ 42.Kd3 Re5 43.Kd4
Re2 44.Rg8+ Kf6 45.Rf8+ Ke7 46.Rf7+ Kd8 47.Rxf4 Rxb2 48.a4 Re2 49.Re4 Ra2 50.Ke5
Ke7 51.f4 Rc2 52.f5 Rf2 53.Re1 a5 54.f6+ Kf8 55.Rb1 Re2+ 56.Kd4

[Event "7th EuropCh Women"]
[Site "Kusadasi / Turkey"]
[Date "2006.04.06"]
[Round "3"]
[Board "1"]
[White "Turova, Irina"]
[Black "Dzagnidze, Nana"]
[Result "1-0"]
[WhiteElo "2362"]
[BlackElo "2442"]
[PlyCount "69"]
[EventDate "2006.04.04"]
[EventRounds "11"]
[EventCountry "AUT"]

1.d4 Nf6 2.c4 e6 3.Nc3 Bb4 4.Qc2 O-O 5.a3 Bxc3+ 6.Qxc3 d6 7.Bg5 Nbd7 8.c5 e5
9.dxe5 dxe5 10.Nf3 h6 11.Bxf6 Qxf6 12.e3 Re8 13.Rc1 Nf8 14.c6 b6 15.Be2 Bg4
16.O-O Rad8 17.Rfd1 Ng6 18.h3 Bf5 19.b4 Rxd1+ 20.Rxd1 Re6 21.b5 Rd6 22.Qb3 Nh4
23.Nxh4 Rxd1+ 24.Qxd1 Qxh4 25.Qd5 Qf6 26.Bg4 Kh7 27.Bxf5+ Qxf5 28.Qd7 Qb1+
29.Kh2 Qxb5 30.Qxc7 e4 31.Qd6 Qf5 32.c7 h5 33.Kg1 h4 34.Qd8 Qe5 35.Qxh4+

[Event "7th EuropCh Women"]
[Site "Kusadasi / Turkey"]
[Date "2006.04.06"]
[Round "3"]
[Board "1"]
[White "Pogonina, Natalija"]
[Black "Motoc, Alina"]
[Result "1-0"]
[WhiteElo "2440"]
[BlackElo "2342"]
[PlyCount "69"]
[EventDate "2006.04.04"]
[EventRounds "11"]
[EventCountry "AUT"]

1.e4 c5 2.Nf3 d6 3.d4 cxd4 4.Nxd4 Nf6 5.Nc3 a6 6.Be2 e5 7.Nb3 Be7 8.Be3 Be6
9.O-O O-O 10.Qd2 Nbd7 11.a4 Rc8 12.a5 Qc7 13.Rfc1 Nc5 14.Nxc5 dxc5 15.f3 c4
16.Na4 Nd7 17.Qc3 Qc6 18.Qe1 Qb5 19.b3 Bb4 20.Qg3 Rfd8 21.Rcb1 Bxa5 22.bxc4 Qc6
23.c5 Rb8 24.Kh1 f6 25.Bd3 b5 26.cxb6 Nxb6 27.Nc5 Nc4 28.Rxb8 Rxb8 29.Nxe6 Qxe6
30.Ba7 Rb7 31.Qh3 Qc6 32.Bg1 Nb2 33.Bxa6 Qxa6 34.Qc8+ Kf7 35.Rxa5